Report on Workshop to Strengthen the IRDP District Development Programmes (DDPs) (6-19th January, 1985) (Record no. 56243)

MARC details
000 -LEADER
fixed length control field 00875nam a2200181 a 4500
008 - FIXED-LENGTH DATA ELEMENTS--GENERAL INFORMATION
fixed length control field 090112s1985 ||||||||||||||||| || u
050 ## - LIBRARY OF CONGRESS CALL NUMBER
Classification number GOV.ZAM.A4(08)
100 ## - MAIN ENTRY--PERSONAL NAME
Personal name Warren, D. M
245 10 - TITLE STATEMENT
Title Report on Workshop to Strengthen the IRDP District Development Programmes (DDPs) (6-19th January, 1985)
Statement of responsibility, etc. Compiled and edited by D.M. Warren
260 ## - PUBLICATION, DISTRIBUTION, ETC.
Place of publication, distribution, etc. Lusaka
Name of publisher, distributor, etc. Ministry of Agriculture and water Development
Date of publication, distribution, etc. 1985
300 ## - PHYSICAL DESCRIPTION
Extent 95p.
350 ## - PRICE (NR) (BK AM CF MU VM SE) [OBSOLETE]
Price 0.00
490 ## - SERIES STATEMENT
Series statement Planning Division special study
650 ## - SUBJECT ADDED ENTRY--TOPICAL TERM
Topical term or geographic name entry element MINISTRY OF AGRICULTURE AND WATER DEVELOPMENT--PLANNING DIVISION--ZAMBIA
710 ## - ADDED ENTRY--CORPORATE NAME
Corporate name or jurisdiction name as entry element Government of the Republic of Zambia (GRZ)
710 ## - ADDED ENTRY--CORPORATE NAME
Corporate name or jurisdiction name as entry element Ministry of Agriculture and Water Development
995 ## - RECOMMENDATION 995 [LOCAL, UNIMARC FRANCE]
-- 0.00
-- CBU-MAIN LIBRARY (Kitwe)
-- 1
-- 0.00
-- 1
-- AVAILABLE
-- Jan 12, 2009
-- Zambiana Collection
Holdings
Withdrawn status Lost status Source of classification or shelving scheme Damaged status Not for loan Home library Current library Shelving location Date acquired Total Checkouts Full call number Barcode Date last seen Price effective from Koha item type
          CBU-MAIN LIBRARY, KITWE. CBU-MAIN LIBRARY, KITWE.   11/30/2022   GOV.ZAM.A4(08) 03003404 11/30/2022 11/30/2022 MONOGRAPH